Tile select - capitals - Statistics

General Stats
  • This quiz has been taken 3 times
  • The average score is 38 of 45
Answer Stats
Question Tile Select % Correct
countries that have green on their flag Addis Ababa Yes
100%
countries starting with the letter 'a' Ashgabat No
100%
countries starting with the letter 'a' Baku Yes
100%
Countries bordering France Berlin Yes
100%
Countries bordering France Brasilia Yes
100%
Whose Countries that are both the northern and southern hemisphere Brasilia Yes
100%
countries in The America Ciudad De La Paz No
100%
Countries bordering France Dublin No
100%
Countries bordering France Georgetown No
100%
countries starting with the letter 'a' Kabul Yes
100%
countries that have green on their flag Kathmandu No
100%
Countries bordering France London No
100%
countries in The America Luanda No
100%
Whose Countries that are both the northern and southern hemisphere Manila No
100%
countries in The America Mexico City Yes
100%
countries starting with the letter 'a' Moscow No
100%
countries in The America Ottawa Yes
100%
Whose Countries that are both the northern and southern hemisphere Panama City No
100%
countries starting with the letter 'a' Porto Novo No
100%
countries starting with the letter 'a' Pretoria No
100%
countries starting with the letter 'a' Santiago No
100%
countries in The America St. George's Yes
100%
countries starting with the letter 'a' St. John's Yes
100%
countries in The America Stockholm No
100%
countries in The America Sucre/La Paz Yes
100%
Countries bordering France Vienna No
100%
Countries bordering France Warsaw No
100%
countries in The America Windhoek No
100%
Whose Countries that are both the northern and southern hemisphere Windhoek No
100%
countries in The America Zagreb No
100%
Whose Countries that are both the northern and southern hemisphere Brazzaville Yes
67%
countries that have green on their flag Buenos Aires No
67%
countries that have green on their flag Dili No
67%
Whose Countries that are both the northern and southern hemisphere Khartoum No
67%
countries that have green on their flag Mogadishu No
67%
Whose Countries that are both the northern and southern hemisphere Mogadishu Yes
67%
countries that have green on their flag Nairobi Yes
67%
Countries bordering France Paramaribo Yes
67%
Whose Countries that are both the northern and southern hemisphere Quito Yes
67%
Whose Countries that are both the northern and southern hemisphere Sucre/La Paz No
67%
countries that have green on their flag Tehran Yes
67%
countries starting with the letter 'a' Tirana Yes
67%
Countries bordering France Amsterdam Yes
33%
countries that have green on their flag Bandar Seri Begawan No
0%
countries that have green on their flag Windhoek Yes
0%
No matching quizzes found
Score Distribution
Percent of People with Each Score
Percentile by Number Answered
Your Score History
You have not taken this quiz